[Event "Romania National Chess Championship 201"]
[Site "Olanesti, Hotel Parang"]
[Date "2019.03.09"]
[Round "8.7"]
[White "Carasca, Bogdan-Petru"]
[Black "Dobre, Claudiu Cristian"]
[Result "1/2-1/2"]
[WhiteElo "2176"]
[BlackElo "2341"]
[PlyCount "29"]
[EventDate "2019.03.02"]
[EventRounds "9"]

1. Nf3 f5 2. g3 Nf6 3. Bg2 g6 4. b3 Bg7 5. Bb2 O-O 6. O-O d6 7. d4 Nc6 8. c4 e5
9. dxe5 Ng4 10. Nc3 Ngxe5 11. Nxe5 Nxe5 12. e3 Rb8 13. Qd2 Be6 14. Nd5 c6 15.
Nf4 1/2-1/2

[Event "Romania National Chess Championship 201"]
[Site "Olanesti, Hotel Parang"]
[Date "2019.03.10"]
[Round "9.8"]
[White "Dobre, Claudiu Cristian"]
[Black "Ciorgovean, Iustin"]
[Result "1-0"]
[WhiteElo "2341"]
[BlackElo "2276"]
[PlyCount "81"]
[EventDate "2019.03.02"]
[EventRounds "9"]

1. c4 g6 2. Nf3 Bg7 3. d4 Nf6 4. Nc3 O-O 5. e4 d6 6. Be2 Na6 7. O-O e5 8. dxe5
dxe5 9. Be3 Ng4 10. Qxd8 Rxd8 11. Bg5 f6 12. Bd2 Bh6 13. Rfd1 Bxd2 14. Nxd2 Kg7
15. Nb3 Be6 16. Na5 Nh6 17. Nb5 Rxd1+ 18. Rxd1 Rb8 19. a3 Nf7 20. b4 c6 21.
Nxa7 Ra8 22. N7xc6 bxc6 23. Nxc6 Nc7 24. Na5 Na6 25. Nb7 Ra7 26. Nd6 Nxd6 27.
Rxd6 Kf7 28. Rb6 Nc7 29. f3 Ke7 30. b5 Rxa3 31. Rb7 Kd8 32. b6 Na6 33. Ra7 Ra1+
34. Kf2 Ra2 35. Kf1 Nb4 36. Rxh7 Nc6 37. c5 Rc2 38. Bb5 Rxc5 39. Bxc6 Rxc6 40.
Rh8+ Ke7 41. b7 1-0

[Event "It (open)"]
[Site "Arad (Romania)"]
[Date "2019.07.24"]
[Round "1"]
[White "Muntoiu, Emanoil"]
[Black "Dobre, Claudiu Cristian"]
[Result "0-1"]
[WhiteElo "2003"]
[BlackElo "2340"]
[PlyCount "100"]
[EventDate "2019.??.??"]

1. e4 c6 2. d4 d5 3. Nc3 dxe4 4. Nxe4 Bf5 5. Ng3 Bg6 6. Nf3 Nd7 7. Bd3 e6 8.
Bxg6 hxg6 9. h3 Ngf6 10. Qe2 Qa5+ 11. c3 Qb5 12. Qxb5 cxb5 13. Bd2 Bd6 14. Ne2
Nd5 15. a4 bxa4 16. Rxa4 O-O 17. O-O N7b6 18. Ra2 Nc4 19. Rfa1 Nxd2 20. Nxd2 a6
21. Ne4 Be7 22. Nc5 Bxc5 23. dxc5 Rac8 24. b4 g5 25. Rb1 Rfd8 26. Rd2 Nf4 27.
Rxd8+ Rxd8 28. Nxf4 gxf4 29. Kf1 Rd3 30. Rc1 e5 31. f3 Rd2 32. Re1 f6 33. Re2
Rd1+ 34. Re1 Rd3 35. Rc1 Rd2 36. Rb1 Rc2 37. Rb3 f5 38. Ke1 e4 39. Kd1 Rxg2 40.
c4 Rg1+ 41. Kd2 e3+ 42. Ke2 Rc1 43. b5 axb5 44. Rxb5 Rxc4 45. h4 Kh7 46. Rxb7
Rxc5 47. Rb4 Rc2+ 48. Ke1 g5 49. hxg5 Kg6 50. Rxf4 Rh2 0-1

[Event "Romgaz Blitz Open 2018"]
[Site "Bucharest ROU"]
[Date "2018.11.21"]
[Round "4.4"]
[White "Dobre, Claudiu Cristian"]
[Black "Nanu, Ciprian-Costica"]
[Result "1-0"]
[WhiteElo "2341"]
[BlackElo "2505"]
[PlyCount "76"]
[EventDate "2018.11.21"]

1. b3 d5 2. e3 Nf6 3. Bb2 Bg4 4. Be2 Bxe2 5. Qxe2 c6 6. Nf3 Nbd7 7. O-O g6 8.
d3 Bg7 9. Nbd2 O-O 10. c4 e6 11. Rab1 a5 12. e4 dxe4 13. Nxe4 Qc7 14. Rfd1 Rfd8
15. d4 Nxe4 16. Qxe4 a4 17. b4 b5 18. Ne5 a3 19. Bc3 bxc4 20. Nxc4 Nf6 21. Qe5
Qxe5 22. dxe5 Rxd1+ 23. Rxd1 Nd5 24. Be1 Bf8 25. Nd6 Ra4 26. Rb1 f6 27. Nc4 f5
28. Nd6 Bg7 29. Nc4 g5 30. Rb3 c5 31. Nd6 cxb4 32. Nb7 Ra6 33. Nc5 Rc6 34. Nd3
Bf8 35. g3 g4 36. Kf1 Rc2 37. Nxb4 Rb2 38. Nxd5 exd5 1-0

[Event "Romgaz Blitz Open 2018"]
[Site "Bucharest ROU"]
[Date "2018.11.21"]
[Round "5.3"]
[White "Marin , Mihail"]
[Black "Dobre, Claudiu Cristian"]
[Result "1-0"]
[WhiteElo "2555"]
[BlackElo "2341"]
[PlyCount "119"]
[EventDate "2018.11.21"]

1. c4 Nf6 2. g3 c6 3. Bg2 d5 4. Nf3 Bg4 5. O-O e6 6. d3 Nbd7 7. cxd5 exd5 8.
Nc3 Be7 9. h3 Bh5 10. e4 dxe4 11. dxe4 Bxf3 12. Qxf3 O-O 13. Qe2 Re8 14. f4
Bc5+ 15. Kh2 Nb6 16. e5 Nbd5 17. Bd2 Bb4 18. Rad1 Qa5 19. Qc4 Nb6 20. Qb3 Nfd7
21. a3 Bxc3 22. Bxc3 Nc5 23. Qc2 Qa4 24. Qf2 Ne4 25. Qd4 Nxc3 26. Qxc3 Rad8 27.
Rxd8 Rxd8 28. f5 Qd4 29. Qxd4 Rxd4 30. Rf2 Kf8 31. g4 Nc4 32. Re2 Rd2 33. Rxd2
Nxd2 34. Kg3 Nc4 35. Kf4 Nxb2 36. Bf1 Na4 37. g5 Nc5 38. h4 g6 39. f6 Ke8 40.
Bc4 b5 41. Ba2 Ne6+ 42. Ke4 Kd7 43. Ke3 Nd8 44. Kd4 Ne6+ 45. Ke4 Nc5+ 46. Ke3
Ne6 47. Ke4 a5 48. Ke3 Nc5 49. Kd4 Ne6+ 50. Ke4 Nd8 51. Kd4 Ne6+ 52. Ke4 b4 53.
axb4 axb4 54. Bc4 b3 55. Kd3 Ke8 56. Bxe6 fxe6 57. Kc3 Kd7 58. Kxb3 c5 59. Kc4
Kc6 60. f7 1-0

[Event "Romanian Teams Championship 2018 - 2nd "]
[Site "Gilau"]
[Date "2018.10.07"]
[Round "1.1"]
[White "Rusan, Paul Cristian"]
[Black "Dobre, Claudiu Cristian"]
[Result "1/2-1/2"]
[WhiteElo "2143"]
[BlackElo "2333"]
[PlyCount "71"]
[EventDate "2018.10.07"]
[EventType "team"]
[EventRounds "9"]
[BlackTeam "CSU Târgovi?te"]

1. e4 Nc6 2. Nf3 d6 3. d4 Nf6 4. d5 Ne5 5. Nxe5 dxe5 6. Nc3 e6 7. Bb5+ Bd7 8.
dxe6 fxe6 9. Bxd7+ Qxd7 10. Qxd7+ Kxd7 11. f3 Bc5 12. Ke2 Ke7 13. Be3 Bxe3 14.
Kxe3 h5 15. a4 a5 16. Rhd1 c6 17. Rd2 Nd7 18. Nd1 b5 19. b3 bxa4 20. Rxa4 Nb6
21. Ra3 a4 22. Nb2 axb3 23. Rxb3 Rhb8 24. Ke2 Nd7 25. Rxb8 Rxb8 26. Nc4 Rb5 27.
h4 Nb6 28. Nxb6 Rxb6 29. Kd3 Kd6 30. Kc4+ Kc7 31. Rd1 Rb2 32. Kc3 Ra2 33. Rh1
Kd6 34. Rd1+ Kc7 35. Rh1 Kd6 36. Rd1+ 1/2-1/2

[Event "Romanian Teams Championship 2018 - 2nd "]
[Site "Gilau"]
[Date "2018.10.08"]
[Round "2.1"]
[White "Dobre, Claudiu Cristian"]
[Black "Shishkin, Vadim"]
[Result "1/2-1/2"]
[WhiteElo "2333"]
[BlackElo "2453"]
[PlyCount "59"]
[EventDate "2018.10.07"]
[EventType "team"]
[EventRounds "9"]
[WhiteTeam "CSU Târgovi?te"]
[BlackTeam "CS Muncitorul Re?i?a"]

1. c4 e5 2. Nc3 Nc6 3. Nf3 g6 4. e3 Bg7 5. d4 d6 6. Be2 exd4 7. exd4 Nf6 8. O-O
O-O 9. d5 Ne7 10. h3 h6 11. Nd4 Nf5 12. Nxf5 Bxf5 13. Be3 Ne4 14. Nxe4 Bxe4 15.
Bd4 Qg5 16. g3 Bc2 17. Qxc2 Bxd4 18. Kg2 f5 19. Rad1 Bg7 20. f4 Qf6 21. b3 Rfe8
22. Bd3 Re3 23. Rde1 Rae8 24. Rxe3 Rxe3 25. Rf3 Re7 26. Rf2 h5 27. Re2 h4 28.
Rxe7 Qxe7 29. Qe2 Qxe2+ 30. Bxe2 1/2-1/2

[Event "Romanian Teams Championship 2018 - 2nd "]
[Site "Gilau"]
[Date "2018.10.09"]
[Round "3.1"]
[White "Dumitru, Victor Iulian"]
[Black "Dobre, Claudiu Cristian"]
[Result "0-1"]
[WhiteElo "2088"]
[BlackElo "2333"]
[PlyCount "58"]
[EventDate "2018.10.07"]
[EventType "team"]
[EventRounds "9"]
[WhiteTeam "CS Ineu"]
[BlackTeam "CSU Târgovi?te"]

1. e4 Nc6 2. d4 d5 3. e5 Bf5 4. c3 e6 5. Bd3 Nge7 6. Bg5 Bxd3 7. Qxd3 Qd7 8.
Bxe7 Bxe7 9. f4 f6 10. Nf3 O-O 11. Nbd2 b5 12. O-O fxe5 13. fxe5 a5 14. a3 a4
15. Rf2 Na5 16. Raf1 Nc4 17. Nxc4 bxc4 18. Qc2 Rab8 19. h4 Rf5 20. g3 c5 21.
Qe2 Qc7 22. g4 Rf4 23. Ng5 Bxg5 24. Rxf4 Bxf4 25. Rxf4 cxd4 26. cxd4 c3 27. Qc2
Rxb2 28. Qxa4 Qc8 29. Rf3 c2 0-1

[Event "Romanian Teams Championship 2018 - 2nd "]
[Site "Gilau"]
[Date "2018.10.11"]
[Round "5.1"]
[White "Dobre, Claudiu Cristian"]
[Black "Bobocea, Laurentiu-Vlad"]
[Result "1-0"]
[WhiteElo "2333"]
[BlackElo "1882"]
[PlyCount "99"]
[EventDate "2018.10.07"]
[EventType "team"]
[EventRounds "9"]
[WhiteTeam "CSU Târgovi?te"]
[BlackTeam "CSS Viitorul Cluj"]

1. d4 Nf6 2. Nf3 d5 3. c4 c6 4. Nbd2 a6 5. g3 b5 6. b3 Bf5 7. Bg2 e6 8. O-O Be7
9. Ne5 O-O 10. Bb2 Qb6 11. Bc3 Nbd7 12. e4 dxe4 13. g4 Nxe5 14. gxf5 Nf3+ 15.
Nxf3 exf3 16. Qxf3 bxc4 17. bxc4 c5 18. Rab1 Qc7 19. Rb7 Qd6 20. dxc5 Qxc5 21.
Bb4 Qxb4 22. Rxb4 Bxb4 23. Qxa8 Rxa8 24. Bxa8 Kf8 25. fxe6 fxe6 26. Rb1 a5 27.
Rb3 Nd7 28. a3 Bc5 29. Rb5 Bxa3 30. Rxa5 Be7 31. Be4 h6 32. Bg6 Bc5 33. Bc2 Be7
34. Kg2 Kf7 35. Kf3 Nc5 36. Ke3 e5 37. Rb5 Ke8 38. Bf5 Kd8 39. Kf3 Kc7 40. Kg4
Kc6 41. f3 Bf6 42. Kh5 Na4 43. Be4+ Kd6 44. Rd5+ Ke6 45. c5 Nc3 46. Rd6+ Ke7
47. Bf5 Ne2 48. Rd7+ Ke8 49. c6 Nf4+ 50. Kg4 1-0

[Event "Romanian Teams Championship 2018 - 2nd "]
[Site "Gilau"]
[Date "2018.10.13"]
[Round "7.1"]
[White "Dobre, Claudiu Cristian"]
[Black "Calin, Alexandru"]
[Result "1-0"]
[WhiteElo "2333"]
[BlackElo "2165"]
[PlyCount "73"]
[EventDate "2018.10.07"]
[EventType "team"]
[EventRounds "9"]
[WhiteTeam "CSU Târgovi?te"]
[BlackTeam "CSU Arad"]

1. c4 e5 2. Nc3 f5 3. d4 d6 4. dxe5 dxe5 5. Qxd8+ Kxd8 6. Bg5+ Be7 7. O-O-O+
Nd7 8. Nf3 c6 9. e4 g6 10. h4 Ke8 11. h5 Bxg5+ 12. Nxg5 Nh6 13. Nxh7 gxh5 14.
Rxh5 Rxh7 15. Rd6 Kf7 16. Rhxh6 Rxh6 17. Rxh6 Kg7 18. Rd6 Nc5 19. b4 Na6 20. a3
fxe4 21. Nxe4 Bf5 22. Ng3 Rf8 23. c5 Nc7 24. Nxf5+ Rxf5 25. Rd7+ Rf7 26. Rxf7+
Kxf7 27. Kd2 Kf6 28. Bc4 Kf5 29. Ke3 Ne8 30. f3 Nf6 31. g4+ Kg6 32. a4 Kg5 33.
Be6 Ne8 34. Bc8 Nc7 35. Bxb7 Nd5+ 36. Ke4 Kf6 37. Bxc6 1-0

[Event "XI Open 2018"]
[Site "Arad ROM"]
[Date "2018.08.06"]
[Round "2.33"]
[White "Kersten, Julian"]
[Black "Dobre, Claudiu Cristian"]
[Result "0-1"]
[WhiteElo "2034"]
[BlackElo "2356"]
[PlyCount "158"]
[EventDate "2018.08.05"]

1. d4 d5 2. c4 c6 3. cxd5 cxd5 4. Bg5 h6 5. Bh4 Qb6 6. Nc3 e6 7. Qd2 Ne7 8. f3
Bd7 9. Bf2 Bc6 10. e4 g6 11. Bd3 Bg7 12. Nge2 Na6 13. Rd1 Nc7 14. O-O O-O 15.
Bb1 Nb5 16. Rfe1 Nxc3 17. Nxc3 Rad8 18. Kh1 Rd7 19. e5 Rc7 20. Be3 Kh7 21. Ne2
Ba4 22. b3 Bb5 23. Nf4 Kg8 24. h4 Rfc8 25. Nh3 Kh7 26. h5 Nf5 27. Bf2 Be8 28.
g4 Ne7 29. hxg6+ fxg6 30. Nf4 Kg8 31. Kg2 g5 32. Nh3 Bg6 33. Bxg6 Nxg6 34. Rc1
Rc6 35. Rxc6 Qxc6 36. Be3 Qc2 37. Rc1 Qxc1 38. Qxc1 Rxc1 39. Bxc1 Bf8 40. f4
gxf4 41. Nxf4 Nxf4+ 42. Bxf4 Kf7 43. Kf3 Kg6 44. Bd2 Be7 45. Be3 Bg5 46. Bg1
Bc1 47. Bf2 Kg5 48. Kg3 Bf4+ 49. Kf3 Bd2 50. Kg3 h5 51. gxh5 Kxh5 52. Kf3 Bg5
53. Bg3 Bh4 54. Bf4 Be1 55. Ke2 Kg4 56. Bh6 Bg3 57. Bd2 Bh2 58. Be3 Bf4 59. Bf2
Bc1 60. Be1 Kf4 61. Kd3 Kf3 62. Ba5 Kf2 63. Bc3 Kf1 64. Ba5 Kf2 65. Bc3 Ba3 66.
Bd2 b6 67. Bc3 a5 68. Bd2 Bb4 69. Bg5 Ke1 70. a4 Kd1 71. Bd8 Kc1 72. Bxb6 Kb2
73. Ke3 Kxb3 74. Kf4 Bd2+ 75. Kg4 Kxa4 76. Kh5 Kb5 77. Bd8 a4 78. Be7 Bb4 79.
Bxb4 Kxb4 0-1

[Event "ch-ROU 2018"]
[Site "Olanesti ROU"]
[Date "2018.05.15"]
[Round "2.12"]
[White "Dobre, Claudiu Cristian"]
[Black "Dumitru, Matei-Ioan"]
[Result "0-1"]
[WhiteElo "2393"]
[BlackElo "2164"]
[PlyCount "116"]
[EventDate "2018.05.14"]

1. e4 e5 2. Nf3 Nc6 3. Bc4 Nf6 4. d3 Bc5 5. O-O d6 6. a4 a6 7. c3 Ba7 8. Nbd2
O-O 9. h3 Ne7 10. a5 Ng6 11. Re1 c6 12. Bb3 h6 13. Nc4 Re8 14. Be3 Bxe3 15.
Rxe3 Qc7 16. Nb6 Rb8 17. Nxc8 Rbxc8 18. g3 Rcd8 19. Qe2 d5 20. Nh2 Nd7 21. exd5
Nc5 22. d6 Rxd6 23. Bc4 Red8 24. h4 Kh8 25. h5 Nf8 26. Rxe5 Nxd3 27. Re7 R6d7
28. Rxd7 Qxd7 29. Nf3 Ne6 30. Bxe6 Qxe6 31. Qxe6 fxe6 32. Rd1 Rd5 33. c4 Rd7
34. Nh4 Kg8 35. b3 Kf7 36. Ng6 Kf6 37. f4 Nc5 38. Rxd7 Nxd7 39. b4 Kf5 40. Ne7+
Ke4 41. Nc8 Kd4 42. Nd6 Nf6 43. Nxb7 Kxc4 44. Nc5 Kxb4 45. Nxa6+ Kxa5 46. Nc5
Nxh5 47. Kf2 Kb4 48. Nxe6 c5 49. Kf3 c4 50. Kg4 c3 51. Nd4 Kc4 52. Nc2 Nf6+ 53.
Kf5 Kd3 54. Na3 Ne4 55. g4 Nd6+ 56. Kg6 Nc4 57. Nxc4 Kxc4 58. g5 c2 0-1

[Event "ch-ROU 2018"]
[Site "Olanesti ROU"]
[Date "2018.05.17"]
[Round "4.11"]
[White "Dobre, Claudiu Cristian"]
[Black "Morariu, Daniel"]
[Result "1-0"]
[WhiteElo "2393"]
[BlackElo "1656"]
[PlyCount "89"]
[EventDate "2018.05.14"]

1. c4 Nf6 2. Nc3 e6 3. Nf3 b6 4. e4 Bb7 5. Qe2 d6 6. d4 Be7 7. g3 Nbd7 8. Bh3
O-O 9. O-O Ne8 10. Ne1 e5 11. d5 Nc5 12. b4 Na6 13. Nd3 Bc8 14. Bxc8 Qxc8 15.
f4 exf4 16. gxf4 f5 17. e5 dxe5 18. b5 Nc5 19. fxe5 Nxd3 20. Qxd3 g6 21. Be3
Ng7 22. Ne2 g5 23. Nd4 f4 24. Bd2 Bc5 25. Kh1 Qg4 26. Rg1 Qh5 27. Rg2 g4 28.
Rag1 g3 29. Bxf4 Rxf4 30. Qxg3 Rf7 31. Ne6 Bxg1 32. Nxg7 Qg6 33. Qe1 Qxg7 34.
Qxg1 Raf8 35. e6 Re7 36. Rxg7+ Rxg7 37. Qe1 Kh8 38. a4 Kg8 39. a5 Re8 40. axb6
axb6 41. c5 Rg6 42. cxb6 cxb6 43. h4 h6 44. Qe4 Kh7 45. h5 1-0

[Event "ch-ROU 2018"]
[Site "Olanesti ROU"]
[Date "2018.05.22"]
[Round "9.9"]
[White "Pisu, Robert Daniel"]
[Black "Dobre, Claudiu Cristian"]
[Result "1/2-1/2"]
[WhiteElo "2254"]
[BlackElo "2393"]
[PlyCount "79"]
[EventDate "2018.05.14"]

1. d4 d5 2. c4 c6 3. cxd5 cxd5 4. Nc3 Nc6 5. Bf4 Nf6 6. e3 Bf5 7. Qb3 Na5 8.
Qa4+ Bd7 9. Bb5 Nc6 10. Qb3 e6 11. Nf3 Na5 12. Bxd7+ Nxd7 13. Qb5 a6 14. Qd3
Rc8 15. O-O Be7 16. Rac1 O-O 17. Rc2 Nc4 18. Rfc1 Qa5 19. e4 Nf6 20. exd5 exd5
21. Bg5 Nd6 22. Bxf6 Bxf6 23. b4 Qxb4 24. Nxd5 Rxc2 25. Qxc2 Qb5 26. Qc5 Qxc5
27. Nxf6+ gxf6 28. Rxc5 Rd8 29. Rc7 Nb5 30. Rxb7 Nxd4 31. Rb6 Ne2+ 32. Kf1 Nc3
33. Rxa6 Rd1+ 34. Ne1 Kg7 35. a4 Ra1 36. a5 Nb5 37. Ke2 Nd4+ 38. Ke3 Nb3 39.
Nd3 Rxa5 40. Rxa5 1/2-1/2

[Event "Finala Campionatului National Individua"]
[Site "Calimanesti"]
[Date "2017.03.25"]
[Round "1.16"]
[White "Sandor, Tamas"]
[Black "Dobre, Claudiu Cristian"]
[Result "1/2-1/2"]
[WhiteElo "2026"]
[BlackElo "2387"]
[PlyCount "57"]
[EventDate "2017.03.25"]
[EventRounds "9"]

1. e4 c6 2. d4 d5 3. e5 c5 4. Nf3 Bg4 5. c4 cxd4 6. cxd5 Qxd5 7. Nc3 Qa5 8.
Bb5+ Nc6 9. Qxd4 Bxf3 10. gxf3 e6 11. Bg5 Be7 12. Be3 Qb4 13. O-O-O Qxd4 14.
Bxc6+ bxc6 15. Rxd4 Bc5 16. Rc4 Bxe3+ 17. fxe3 Ne7 18. Rd1 Nd5 19. Rxc6 Nxe3
20. Rd3 Nf5 21. Rc7 O-O 22. Rdd7 Nh4 23. f4 a5 24. Ne4 Ng6 25. Nd6 Nxf4 26.
Nxf7 Rac8 27. Nh6+ gxh6 28. Rg7+ Kh8 29. Rxh7+ 1/2-1/2

[Event "Finala Campionatului National Individua"]
[Site "Calimanesti"]
[Date "2017.03.27"]
[Round "3.12"]
[White "Vasiesiu, Victor"]
[Black "Dobre, Claudiu Cristian"]
[Result "0-1"]
[WhiteElo "2228"]
[BlackElo "2387"]
[PlyCount "124"]
[EventDate "2017.03.25"]
[EventRounds "9"]

1. e4 Nc6 2. Nf3 d6 3. d4 Nf6 4. d5 Ne5 5. Nxe5 dxe5 6. Bb5+ Bd7 7. Qe2 a6 8.
Bxd7+ Qxd7 9. O-O e6 10. c4 Be7 11. Nc3 O-O 12. f4 exd5 13. fxe5 Nxe4 14. Nxd5
Bc5+ 15. Kh1 f5 16. exf6 Rae8 17. Ne7+ Bxe7 18. Qxe4 Rxf6 19. Re1 Bf8 20. Qh4
Rxe1+ 21. Qxe1 Qf7 22. Bd2 Qxc4 23. Bc3 Re6 24. Qf2 Re2 25. Qg3 Qf7 26. Qd3 Qe6
27. Rf1 Bd6 28. Qd4 Re5 29. Qh4 Rf5 30. Qd8+ Kf7 31. Rd1 Qe8 32. Qxe8+ Kxe8 33.
Bxg7 Rf2 34. g3 b5 35. a3 Kf7 36. Bd4 Re2 37. Bc3 Ke6 38. b4 Re3 39. Rc1 Re2
40. Rd1 Ra2 41. Ra1 Rxa1+ 42. Bxa1 Be5 43. Bxe5 Kxe5 44. Kg2 c5 45. Kf3 c4 46.
Ke3 Kd5 47. g4 Ke5 48. h3 c3 49. Kd3 Kf4 50. Kxc3 Kg3 51. Kd4 Kxh3 52. g5 Kh4
53. Kc5 Kxg5 54. Kb6 h5 55. Kxa6 h4 56. Kxb5 h3 57. Ka6 h2 58. b5 h1=Q 59. Ka7
Qa1 60. b6 Qxa3+ 61. Kb8 Kf6 62. b7 Ke5 0-1

[Event "Finala Campionatului National Individua"]
[Site "Calimanesti"]
[Date "2017.03.28"]
[Round "4.5"]
[White "Dobre, Claudiu Cristian"]
[Black "Miron, Lucian Costin"]
[Result "1-0"]
[WhiteElo "2387"]
[BlackElo "2502"]
[PlyCount "153"]
[EventDate "2017.03.25"]
[EventRounds "9"]

1. e4 e5 2. Nf3 Nc6 3. Bc4 Bc5 4. d3 Nf6 5. O-O a6 6. a4 O-O 7. c3 d6 8. Nbd2
Ba7 9. h3 Ne7 10. Re1 b5 11. Bb3 Ng6 12. Nf1 Be6 13. d4 Bxb3 14. Qxb3 c6 15.
Ng3 Re8 16. Be3 Qc7 17. dxe5 dxe5 18. Bxa7 Rxa7 19. Red1 Raa8 20. Qa3 Rad8 21.
axb5 axb5 22. Qc5 Nd7 23. Qa7 Qxa7 24. Rxa7 Nb6 25. Rxd8 Rxd8 26. b3 Rd1+ 27.
Kh2 Rd7 28. Ra6 Rb7 29. Nf5 f6 30. g3 Nf8 31. Ne1 Ne6 32. Nd3 g6 33. Ne3 Nc7
34. Ra3 Ne6 35. Nb4 Nc5 36. f3 Rd7 37. Kg1 Rd6 38. Kf1 h5 39. h4 Kf8 40. Ke2
Ke8 41. Na6 Ne6 42. Nb4 Nc5 43. Nd1 Kd8 44. Nf2 Kc8 45. Nfd3 Nxd3 46. Nxd3 Kb8
47. f4 Nd7 48. Ra1 Re6 49. f5 Re8 50. fxg6 Rg8 51. g4 Rxg6 52. gxh5 Rg4 53. Nf2
Rg3 54. Rh1 Kc7 55. Rh3 Rg8 56. Kf3 Rh8 57. Kg4 Kd6 58. Kf5 Ke7 59. h6 Rxh6 60.
h5 Rh8 61. h6 Nf8 62. Ng4 Nh7 63. Nh2 Ng5 64. Rh5 Nh7 65. Kg6 Ng5 66. Kg7 Rh7+
67. Kg8 Rf7 68. Rxg5 fxg5 69. h7 Rf8+ 70. Kg7 Rf7+ 71. Kg6 Rf6+ 72. Kxg5 Rf8
73. Ng4 Ke6 74. Nh6 b4 75. cxb4 c5 76. bxc5 Ra8 77. Kg6 1-0

[Event "Finala Campionatului National Individua"]
[Site "Calimanesti"]
[Date "2017.03.29"]
[Round "5.2"]
[White "Dobre, Claudiu Cristian"]
[Black "Manolache, Marius"]
[Result "1/2-1/2"]
[WhiteElo "2387"]
[BlackElo "2496"]
[PlyCount "119"]
[EventDate "2017.03.25"]
[EventRounds "9"]

1. b3 d6 2. Bb2 Nd7 3. g3 Ngf6 4. Bg2 c6 5. e4 e5 6. Ne2 h5 7. h3 a5 8. d4 a4
9. f4 exf4 10. Nxf4 Qa5+ 11. Qd2 Qg5 12. Qe3 Be7 13. Nd2 axb3 14. axb3 Rxa1+
15. Bxa1 O-O 16. Nc4 Re8 17. O-O Bf8 18. Qd3 d5 19. exd5 Nxd5 20. Nxd5 cxd5 21.
Ne5 Nxe5 22. dxe5 Be6 23. h4 Bc5+ 24. Kh2 Qe3 25. Rd1 Ra8 26. Qxe3 Bxe3 27. Bd4
Bxd4 28. Rxd4 Ra2 29. Rd2 Ra5 30. Kg1 Rc5 31. Kf2 b6 32. b4 Rc4 33. Bxd5 Bxd5
34. Rxd5 Rxb4 35. Rd8+ Kh7 36. Rd6 Rb2 37. Ke3 Rxc2 38. Rxb6 Rc1 39. Kf2 Rc5
40. Rb7 Kg6 41. Re7 Rc2+ 42. Kf3 Rc3+ 43. Kf2 Rc6 44. Kf3 Rb6 45. Ke3 Rb1 46.
Kf2 Rb3 47. Kg2 Rb4 48. Kf3 Rb6 49. Ke3 f6 50. exf6 gxf6 51. Re4 Ra6 52. Rb4
Ra3+ 53. Kf4 Rc3 54. Rb5 Ra3 55. Rc5 Rb3 56. Ra5 Rc3 57. Rb5 Ra3 58. Rc5 Rb3
59. Ra5 Rc3 60. Rb5 1/2-1/2

[Event "Finala Campionatului National Individua"]
[Site "Calimanesti"]
[Date "2017.03.30"]
[Round "6.4"]
[White "Istratescu, Andrei"]
[Black "Dobre, Claudiu Cristian"]
[Result "1-0"]
[WhiteElo "2579"]
[BlackElo "2387"]
[PlyCount "103"]
[EventDate "2017.03.25"]
[EventRounds "9"]

1. e4 e5 2. Nf3 Nf6 3. d4 Nxe4 4. Bd3 d5 5. Nxe5 Nd7 6. Nxd7 Bxd7 7. O-O Bd6 8.
c4 c6 9. cxd5 cxd5 10. Nc3 Nxc3 11. bxc3 O-O 12. Qh5 f5 13. Qf3 Kh8 14. Bf4 Qc7
15. Bxd6 Qxd6 16. Rfe1 Rae8 17. Bc2 Re6 18. Bb3 Rfe8 19. Rxe6 Qxe6 20. h3 Bc6
21. Bc2 g6 22. Bd3 Qd6 23. Qd1 Qa3 24. Qd2 Qa5 25. Qb2 a6 26. Qb4 Qxb4 27. cxb4
Kg7 28. Rc1 Rc8 29. f4 Kf6 30. Rc5 b6 31. Rc3 Bb7 32. Ra3 Ra8 33. Kf2 a5 34.
bxa5 Rxa5 35. Rxa5 bxa5 36. Bb5 h6 37. Ke3 Ke7 38. h4 Bc8 39. Bc6 Be6 40. Kd2
h5 41. Kc3 Bd7 42. Bxd5 Bb5 43. g3 Ba6 44. Bg8 Bb5 45. d5 Ba6 46. Kd4 Kd6 47.
Bf7 Be2 48. Bxg6 Bg4 49. a3 Bf3 50. Bxf5 Bxd5 51. Bg6 Be4 52. Kxe4 {Kd5+} 1-0

[Event "Finala Campionatului National Individua"]
[Site "Calimanesti"]
[Date "2017.03.31"]
[Round "7.7"]
[White "Dobre, Claudiu Cristian"]
[Black "Marin , Mihail"]
[Result "0-1"]
[WhiteElo "2387"]
[BlackElo "2539"]
[PlyCount "114"]
[EventDate "2017.03.25"]
[EventRounds "9"]

1. Nf3 g6 2. c4 Bg7 3. e4 e5 4. d4 exd4 5. Nxd4 Nf6 6. f3 O-O 7. Be2 Re8 8. O-O
c6 9. Nc3 d5 10. cxd5 cxd5 11. exd5 Nxd5 12. Ndb5 Nxc3 13. Nxc3 Qb6+ 14. Kh1
Be6 15. Qa4 Nc6 16. Bc4 Rad8 17. Bxe6 Rxe6 18. Qb5 Qxb5 19. Nxb5 Nd4 20. Nxd4
Rxd4 21. b3 Re2 22. a4 f5 23. Rb1 f4 24. Bb2 Rdd2 25. Bc1 Rd4 26. Bb2 Rd3 27.
Bxg7 Kxg7 28. Rfd1 Rb2 29. h4 Rbxb3 30. Rxd3 Rxb1+ 31. Kh2 a5 32. Rd7+ Kh6 33.
Kh3 b6 34. Rd6 Rb2 35. Rf6 Rb4 36. Rd6 Kg7 37. h5 gxh5 38. Kh4 Kf7 39. Kxh5 Ke7
40. Rh6 Kd7 41. Rxh7+ Kc6 42. Rh6+ Kc5 43. Kg4 Rxa4 44. Rh5+ Kc6 45. Rh6+ Kb5
46. Rh5+ Ka6 47. g3 fxg3+ 48. Kxg3 Ra1 49. f4 a4 50. Kg2 a3 51. Rh8 a2 52. Ra8+
Kb7 53. Ra3 Kc7 54. f5 Kd7 55. Ra7+ Ke8 56. Ra8+ Kf7 57. Ra7+ Kf6 0-1

[Event "Finala Campionatului National Individua"]
[Site "Calimanesti"]
[Date "2017.04.01"]
[Round "8.12"]
[White "Daianu, Cristian Clement"]
[Black "Dobre, Claudiu Cristian"]
[Result "1/2-1/2"]
[WhiteElo "2209"]
[BlackElo "2387"]
[PlyCount "113"]
[EventDate "2017.03.25"]
[EventRounds "9"]

1. e4 Nc6 2. Nf3 d6 3. Bc4 Nf6 4. Nc3 Bg4 5. h3 Bxf3 6. Qxf3 Ne5 7. Qe2 Nxc4 8.
Qxc4 c6 9. Qe2 e6 10. O-O d5 11. d3 Be7 12. f4 O-O 13. Kh1 Nd7 14. f5 d4 15.
Nb1 Bg5 16. Bxg5 Qxg5 17. Nd2 c5 18. a4 Rae8 19. fxe6 fxe6 20. Nc4 Nf6 21. Kh2
Nh5 22. Qg4 Qxg4 23. hxg4 Nf6 24. Kg3 Re7 25. Rf3 Nd7 26. Ra3 b6 27. Rb3 Rb8
28. Ra3 a6 29. Rf1 g5 30. Rh1 Kg7 31. Rf1 h6 32. Rd1 Rf7 33. Rd2 Rf1 34. Rf2
Rc1 35. c3 Rd1 36. Rf3 Kg6 37. Kf2 Rb1 38. Kg3 Rc8 39. Rb3 dxc3 40. Rxc3 b5 41.
axb5 axb5 42. Nd6 Rb8 43. Rf7 b4 44. Rc2 Ne5 45. Re7 Kf6 46. Rc7 Rd8 47. Rf2+
Kg6 48. d4 cxd4 49. Nf7 Nd3 50. Rf3 Rf8 51. Ne5+ Nxe5 52. Rxf8 Rxb2 53. Rg8+
Kf6 54. Rf8+ Kg6 55. Re8 Rb3+ 56. Kf2 Nxg4+ 57. Ke1 1/2-1/2

[Event "Memorial Butnariu"]
[Site "Ploiesti"]
[Date "2016.12.15"]
[Round "8.1"]
[White "Anuta, Laurentiu "]
[Black "Dobre, Claudiu Cristian"]
[Result "0-1"]
[WhiteElo "1958"]
[BlackElo "2367"]
[Annotator "Anuta Laurentiu"]
[PlyCount "132"]
[EventDate "2016.12.07"]

1. d4 d5 2. Nf3 Nf6 3. b3 Bg4 4. e3 $6 $15 (4. Ne5 Bh5 5. Qd3 $11) 4... e6 (
4... c5 $1) 5. Be2 Nbd7 $6 (5... c5) 6. Nbd2 $6 (6. O-O $11) 6... Bb4 $15 7.
O-O Bc3 8. Rb1 O-O 9. Bb2 Bxb2 10. Rxb2 c5 11. c4 Qa5 $6 12. cxd5 $11 exd5 13.
dxc5 Nxc5 14. Nd4 Nd3 15. Rc2 Nb4 16. Rb2 $6 (16. Rc1 $1 Bxe2 17. Qxe2 Rfc8 (
17... Qxa2 18. Ra1 Qb2 19. Rfb1 Qc3 20. Rc1 Qd3 21. Qxd3 Nxd3 22. Rc7 $11) 18.
N2f3 $11) 16... Bxe2 $15 17. Qxe2 $6 (17. Nxe2 $1 $11) 17... Rac8 $15 18. a4 a6
19. h3 $6 (19. Rbb1) 19... Rc7 20. g4 $6 (20. Rbb1) 20... Rfc8 (20... Ne4 $17)
21. g5 $2 (21. Rd1) 21... Ne4 $17 22. Nxe4 dxe4 23. Qg4 (23. h4) 23... Qe5 24.
Rbb1 (24. Rd2) 24... Nd3 25. Kg2 Rd8 26. Qg3 Qe7 27. Nf5 (27. h4) 27... Qd7 28.
Nd4 Rc5 (28... Rc3) 29. h4 g6 30. Rbd1 Rc3 31. Rb1 (31. Kg1) 31... Qe7 32. Qg4
Rd5 33. Rbd1 h6 34. gxh6 Rh5 35. Rh1 Kh7 36. Rd2 $2 (36. Rdf1) 36... f5 $19 37.
Rxd3 exd3 38. Qg3 Qd7 $2 (38... d2 $1) 39. Qe5 Rc8 40. Qg7+ $2 (40. Qf6) 40...
Qxg7 41. hxg7 Kxg7 42. Ne6+ Kf7 43. Nf4 Rh7 44. Nxd3 Rc3 45. Ne5+ Kf6 46. Nf3
Rxb3 47. Rd1 Rb6 48. Rd8 Re7 49. Kg3 $6 (49. Nd4) 49... Rb4 50. a5 Rb5 51. Rd6+
Kg7 52. h5 $2 (52. Nd4) 52... gxh5 53. Ng5 Rxa5 54. Kh4 f4 55. exf4 Rf5 56.
Kxh5 Rxf4 57. Ne6+ Rxe6 58. Rxe6 Rxf2 59. Rb6 Rf7 60. Kg5 Kf8 61. Kg6 Ke8 62.
Re6+ Re7 63. Rb6 Kd8 64. Kf6 Kc7 65. Rxb7+ Kxb7 66. Kxe7 a5 0-1